000 00432nab a2200145Ia 4500
003 ES-SlBCS
005 20210601125202.0
008 140529s1979 xxu||||| |||| 00| 0 eng d
041 _aeng
100 1 _aCooper, W. E.
_9152140
245 0 0 _aFour Anti-Materialist Proposition
_c W. E. Cooper
650 0 4 _aAntimaterialismo
_9155000
773 0 _tPhilosophical Forum (The)
_gvol. 11, nº. 2, 1979, págs. 161-181
_wRev833
942 _cAR
999 _c526132
_d526132